Genericized Brand Names - Statistics

General Stats
  • This quiz has been taken 38 times
  • The average score is 17 of 28
Answer Stats
Object Brand % Correct
Tissue Kleenex
97%
Adhesive bandage Band-Aid
94%
Hot tub Jacuzzi
94%
Flying disc Frisbee
89%
Sticky note Post-it
89%
Lip balm Chapstick
86%
Cotton swab Q-tip
86%
Photocopy Xerox
86%
Ice pop Popsicle
81%
Plastic containers Tupperware
81%
Petroleum jelly Vaseline
81%
Electroshock weapon Taser
75%
Inline skates Rollerblades
64%
Transparent adhesive tape Scotch Tape
64%
Slow cooker Crock Pot
61%
Infant bodysuit Onesie
61%
Pepper spray Mace
58%
Wind-resistent jacket Windbreaker
58%
Plastic wrap Saran Wrap
53%
Personal watercraft Jet Ski
50%
Acrylic glass Plexiglas
39%
Correction fluid Wite-Out
33%
Cyanoacrylate adhesive Super Glue
28%
Mobile garbage bin Dumpster
25%
Expanded polystyrene Styrofoam
22%
Procaine hydrochloride Novocain
17%
Inflated cushioning Bubble Wrap
14%
Slide deck PowerPoint
14%
No matching quizzes found
Score Distribution
Percent of People with Each Score
Percentile by Number Answered
Your Score History
You have not taken this quiz